| 000 | 00598nam a2200181 i 4500 | ||
|---|---|---|---|
| 001 | 146663 | ||
| 003 | ES-MaACL | ||
| 005 | 20230906201627.0 | ||
| 007 | t| | ||
| 008 | 070914s1977 sp ||||1| cat d | ||
| 080 | _a804.9.9(04) | ||
| 245 | 0 | 0 |
_aTreballs de sociolongüística catalana _b: 1. (1974-1976). Ponències al VIII Congrès Mundial de Sociología (Toronto). |
| 260 |
_aValencia : _b[Eliseu Climent], _c1977. |
||
| 300 |
_a166 p. ; _c23 cm. |
||
| 650 | 1 | 4 |
_aLengua catalana. _914096 |
| 711 | 2 |
_aCongrès Mundial de Sociología (Toronto) _9135118 |
|
| 852 |
_aES-MaACL _jA-7571 _bR.96348 |
||
| 999 |
_c146663 _d146663 |
||